Degradácia objektov kultúrneho dedičstva z polyuretánov

Gespeichert in:
Bibliographische Detailangaben
1. Verfasser: Mišurová, Juliana (Verfasst von)
Weitere Verfasser: Tiňo, Radko (Betreuung Doktorarbeit)
Format: Manuskript Buch
Sprache:Slowakisch
Veröffentlicht: 2024
Schlagworte:
Online-Zugang:http://is.stuba.sk/zp/portal_zp.pl?podrobnosti=177032
Tags: Tag hinzufügen
Keine Tags, Fügen Sie das erste Tag hinzu!

MARC

LEADER 00000ntm a22000003a 4500
001 stuzp99361
003 SK-STU
005 20240601210652.6
007 ta
008 150427s2015----xo-----f-mn---000-0-slo-d
040 |a STU  |b slo 
041 0 |a slo 
100 1 |a Mišurová, Juliana  |u 049380  |4 aut  |U FCHPT Ústav prírodných a syntetických polymérov  |T FCHPT Oddelenie dreva, celulózy a papiera  |X 104731  |U C9380  |Y 129  |7 104731 
242 0 1 |a Degradation of cultural heritage objects from polyurethanes  |y eng 
245 1 0 |a Degradácia objektov kultúrneho dedičstva z polyuretánov 
260 |c 2024 
650 4 |a polyuretány  |2 slo 
650 4 |a degradácia  |2 slo 
650 4 |a modifikácia  |2 slo 
650 4 |a degradation  |2 eng 
650 4 |a modification  |2 eng 
650 4 |a polyurethane  |2 eng 
700 1 |a Tiňo, Radko  |u 049000  |k Z1  |4 ths  |U FCHPT Fakulta chemickej a potravinárskej technológie  |T FCHPT Ústav prírodných a syntetických polymérov  |X 3954  |U 049000  |Y 107  |7 A000003954 
856 4 |u http://is.stuba.sk/zp/portal_zp.pl?podrobnosti=177032